Ghosts of Scooby-Doo, Where Are You! Quiz Stats

 Plays Quiz Updated Jun 11, 2018

Also try: Cartoon Bad Guys
Challenge
Share
Tweet
Embed
Score 0/16 Timer 04:00
0 Plays Today
% Correct
Redbeard's Ghost
87.1%
Miner Forty-Niner
86.4%
Ghost of Captain Cutler
86.1%
Wax Phantom
79.2%
Black Knight
79%
the Creeper
75.9%
Witch Doctor
75.3%
Snow Ghost
72.6%
% Correct
Spooky Space Kook
71.8%
Ape Man
71.5%
Phantom Shadows
66.1%
Ghost of Zen Tuo
63.6%
Werewolf
63.2%
Caveman
62.2%
Puppet Master
59.1%
Dracula
43.8%

You're not logged in!

Compare scores with friends on all Sporcle quizzes.
OR
Log In

You Might Also Like...

Show Comments

Extras

Top Quizzes Today


Score Distribution

Your Account Isn't Verified!

In order to create a playlist on Sporcle, you need to verify the email address you used during registration. Go to your Sporcle Settings to finish the process.

Report this User

Report this user for behavior that violates our Community Guidelines.

Details: